Luật ban hành văn bản quy phạm pháp luật của hội đồng Nhân dân, Uỷ ban Nhân dân năm 2004 và văn bản hướng dẫn thi hành

Nội dung sách giới thiệu những văn bản quy phạm pháp luật của hội đồng Nhân dân, Uỷ ban Nhân dân, nghị định, nghị uyết của Chính phủ.

Gorde:
Xehetasun bibliografikoak
Egile korporatiboa: Việt Nam (Cộng hoà xã hội chủ nghĩa), Quốc hội
Formatua: Liburua
Hizkuntza:Undetermined
Argitaratua: Hà Nội Chính trị Quốc gia 2008
Gaiak:
Etiketak: Etiketa erantsi
Etiketarik gabe, Izan zaitez lehena erregistro honi etiketa jartzen!
Thư viện lưu trữ: Trung tâm Học liệu Trường Đại học Cần Thơ
LEADER 01196nam a2200241Ia 4500
001 CTU_143458
008 210402s9999 xx 000 0 und d
020 |c 12000 
082 |a 342.59709 
082 |b V308 
110 |a Việt Nam (Cộng hoà xã hội chủ nghĩa) 
110 |b Quốc hội 
245 0 |a Luật ban hành văn bản quy phạm pháp luật của hội đồng Nhân dân, Uỷ ban Nhân dân năm 2004 và văn bản hướng dẫn thi hành 
245 0 |c Việt Nam (Cộng hoà xã hội chủ nghĩa). Quốc hội 
260 |a Hà Nội 
260 |b Chính trị Quốc gia 
260 |c 2008 
520 |a Nội dung sách giới thiệu những văn bản quy phạm pháp luật của hội đồng Nhân dân, Uỷ ban Nhân dân, nghị định, nghị uyết của Chính phủ. 
650 |a Chính quyền địa phương,Local governement,Municipal corporations 
650 |x Luật và văn bản quy phạm pháp luật,Law and legislation 
650 |z Vietnam,Vietnam 
904 |i Tuyến 
980 |a Trung tâm Học liệu Trường Đại học Cần Thơ